| 000 | 00438nam a2200169Ia 4500 | ||
|---|---|---|---|
| 008 | 110201s9999 xx 000 0 und d | ||
| 082 |
_bB9400 _aBAL 2241 |
||
| 100 | _aJaiswal Rashmi | ||
| 245 | _aVikram and betal stories | ||
| 260 | _bAlka Publication Mumbai | ||
| 365 | _b30 | ||
| 600 | _aJaiswal Rashmi | ||
| 630 | _aVikram and betal stories | ||
| 700 | _aJaiswal Rashmi | ||
| 730 | _aVikram and betal stories | ||
| 942 | _cBOOK | ||
| 999 |
_c834841 _d834838 |
||